Normal view MARC view

Entry Nombre personal

Number of records used in: 1

001 - NÚMERO DE CONTROL

  • campo de control: 241399

003 - IDENTIFICADOR DE NÚMERO DE CONTROL

  • campo de control: SpMaBN

005 - FECHA Y HORA DE LA ÚLTIMA TRANSACCIÓN

  • campo de control: 20250725073058.0

008 - ELEMENTOS DE DATO DE LONGITUD-FIJA

  • campo de control de longitud fija: 110518n|#azznnaabn |a aaa

010 ## - NÚMERO DE CONTROL DE LA BIBLIOTECA DEL CONGRESO

  • Número de control de LC: XX5080733

024 7# - IDENTIFICADOR DE OTROS ESTÁNDARES

  • Número estándar o código: http://www.wikidata.org/entity/Q11928620
  • Fuente: wikidata

024 7# - IDENTIFICADOR DE OTROS ESTÁNDARES

  • Número estándar o código: http://viaf.org/viaf/315088786/
  • Fuente: viaf

040 ## - FUENTE DE CATALOGACIÓN

  • Centro catalogador/agencia de origen: SpMaBN
  • Lengua de catalogación: spa
  • Centro/agencia transcriptor: SpMaBN
  • Normas de descripción: rdc
  • Convención/Normas de encabezamiento de materia/tesauro: embne

046 ## - FECHAS CON CODIFICACIÓN ESPECIAL

  • Fecha de nacimiento: 1938
  • Fecha de la muerte: 1904

100 1# - ENCABEZAMIENTO-NOMBRE DE PERSONA

  • Nombre de persona: Laribal, José,
  • Fechas asociadas al nombre: 1839-1904

370 ## - LUGAR ASOCIADO

  • Lugar de nacimiento: España, Cataluña, Barcelona (Provincia), Barcelona
  • Fuente del término: embne

370 ## - LUGAR ASOCIADO

  • Lugar de fallecimiento: España, Cataluña, Barcelona (Provincia), Barcelona
  • Fuente del término: embne

372 ## - CAMPO DE ACTIVIDAD

  • Campo de actividad: Periodismo
  • Campo de actividad: Derecho
  • Fuente del término: embne

374 ## - OCUPACIÓN

  • Ocupación: Periodistas
  • Ocupación: Abogados
  • Ocupación: Jueces
  • Fuente del término: embne

375 ## - GÉNERO/SEXO

  • Género: Masculino

377 ## - IDIOMA ASOCIADO

  • Término de lengua/lenguaje: Español

670 ## - FUENTE DE DATOS ENCONTRADOS

  • Cita de la fuente: Procesos célebres de todos los países, [1890?]
  • Información encontrada: ([dirección, José Laribal])

670 ## - FUENTE DE DATOS ENCONTRADOS

  • Cita de la fuente: WWW ABEPI, 18-3-2015
  • Información encontrada: (Laribal, José: m. en 1904; abogado en Barcelona, director del diario "El Diluvio", publicó "Los procesos célebres de todos los países)

670 ## - FUENTE DE DATOS ENCONTRADOS

  • Cita de la fuente: WWW Wikipedia, 9-7-2018
  • Información encontrada: (Josep Laribal Lastortras ( Barcelona, 1839 - 22 de Enero 1904 ), fue un periodista y abogado catalán. Ejerció como juez y también como abogado, aunque él prefería ser considerado periodista, ya que llegó a ser el director y propietario del diario republicano El Diluvio (1881/95))
  • Identificador Uniforme de Recursos: https://ca.wikipedia.org/wiki/Josep_Laribal_Lastortras